[Event "XVII Profigaia Open 2017"]
[Site "Gaia"]
[Date "2017.06.17"]
[Round "5"]
[White "Areal, Pedro"]
[Black "Da Silva, Daniel Leite"]
[Result "1/2-1/2"]
[WhiteElo "1771"]
[BlackElo "2033"]
[Annotator "NA RC"]
[PlyCount "26"]
[EventDate "2017.??.??"]
[EventType "swiss"]
[EventCountry "POR"]
[SourceTitle "playchess.com"]
[Source "ChessBase"]
[SourceQuality "1"]
[TimeControl "5400+30"]

{[%evp 8,26,38,26,32767,32767,0,32767,27,32767,75,12,32767,32767,32767,32767,32767,-132,-110,-125,-106]} 1. d4 d5 2. c4 e6 3. Nc3 Bb4 4. Qb3 Bxc3+ 5. Qxc3 Ne7 6. Bg5 f6 7. Bh4 Nd7 (7... c5 $5 8. e3 cxd4 9. exd4 Nbc6 $11) 8. e3 c6 9. Bd3 (9. Nf3 $14) 9... O-O 10. Qc2 h6 11. Nf3 e5 12. e4 (12. dxe5 $11 {remains equal.} Nxe5 13. Nxe5 fxe5 14. O-O) 12... dxe4 13. Bxe4 g5 $17 1/2-1/2

[Event "XVII Profigaia Open 2017"]
[Site "Gaia"]
[Date "2017.06.17"]
[Round "5"]
[White "Oliveira, Maria Alice Ramos M"]
[Black "Pipiras, Filipa Fortuna"]
[Result "1/2-1/2"]
[WhiteElo "1561"]
[BlackElo "1641"]
[Annotator "NA RC"]
[PlyCount "61"]
[EventDate "2017.??.??"]
[EventType "swiss"]
[EventCountry "POR"]
[SourceTitle "playchess.com"]
[Source "ChessBase"]
[SourceQuality "1"]
[TimeControl "5400+30"]

1. e4 {[%emt 0:00:00]} e5 {[%emt 0:01:04]} 2. Nf3 {[%emt 0:00:00]} Nc6 {[%emt 0:00:26]} 3. Bb5 {[%emt 0:00:00]} a6 {[%emt 0:01:11]} 4. Ba4 {[%emt 0:00:00]} Nf6 {[%emt 0:00:27]} 5. d3 {[%emt 0:00:00]} b5 {[%emt 0:00:32]} 6. Bb3 {[%emt 0:00:00]} Be7 {[%emt 0:00:27]} 7. c3 {[%emt 0:00:05]} O-O {[%emt 0:00:26]} 8. O-O {[%emt 0:00:04]} d6 {[%emt 0:00:20]} 9. Nbd2 {[%emt 0:00:06]} Na5 {[%emt 0:00:45]} 10. Bc2 {[%emt 0:00:06]} c5 {[%emt 0:00:45]} 11. Re1 {[%emt 0:00:07]} Re8 {[%emt 0:00:28]} 12. Nf1 {[%emt 0:00:12]} h6 {[%emt 0:00:38]} 13. Ng3 {[%emt 0:00:36]} Kh7 {[%emt 0:00:32]} 14. h3 {[%emt 0:03:51]} Bf8 {[%emt 0:01:25]} 15. Nh2 {[%emt 0:12:24]} g6 {[%emt 0:12:05]} 16. Qe2 {[%emt 0:21:32]} Nc6 {[%emt 0:04:46]} 17. Bb3 {[%emt 0:03:26]} Qc7 {[%emt 0:02:22]} 18. Qf3 {[%emt 0:07:31]} Bg7 {[%emt 0:02:41]} 19. Ng4 {[%emt 0:11:14]} Nxg4 {[%emt 0:08:14]} 20. hxg4 {[%emt 0:00:20]} Rf8 {[%emt 0:02:21]} 21. g5 {[%emt 0:07:28]} Qe7 {[%emt 0:14:25]} 22. Bd5 {[%emt 0:01:51]} Bd7 {[%emt 0:07:08]} 23. Bxc6 {[%emt 0:07:24]} Bxc6 {[%emt 0:01:18]} 24. gxh6 {[%emt 0:04:46]} Bxh6 {[%emt 0:06:26]} 25. Nf5 {[%emt 0:02:20]} gxf5 {[%emt 0:01:13]} 26. Qxf5+ {[%emt 0:00:08]} Kg7 {[%emt 0:00:20]} 27. Qg4+ {[%emt 0:12:15]} Kh7 {[%emt 0:00:41]} 28. Qf5+ {[%emt 0:02:59]} Kg7 {[%emt 0:00:16]} 29. Qg4+ {[%emt 0:00:58]} Kh7 {[%emt 0:00:19]} 30. Qf5+ {[%emt 0:00:04]} Kg7 {[%emt 0:00:25]} 31. Qg4+ 1/2-1/2

[Event "XVII Profigaia Open 2017"]
[Site "Gaia"]
[Date "2017.06.17"]
[Round "5"]
[White "Da Silva, Pedro Vieira Prado"]
[Black "Figueiredo, Bruno"]
[Result "0-1"]
[WhiteElo "1521"]
[BlackElo "1914"]
[Annotator "NA RC"]
[PlyCount "42"]
[EventDate "2017.??.??"]
[EventType "swiss"]
[EventCountry "POR"]
[SourceTitle "playchess.com"]
[Source "ChessBase"]
[SourceQuality "1"]
[TimeControl "5400+30"]

1. e4 {[%emt 0:00:00]} c5 {[%emt 0:03:38]} 2. Nf3 {[%emt 0:00:00]} Nc6 {[%emt 0:00:05]} 3. d4 {[%emt 0:00:00]} cxd4 {[%emt 0:00:30]} 4. Nxd4 {[%emt 0:00:09]} g6 {[%emt 0:00:00]} 5. Nc3 {[%emt 0:00:00]} Bg7 {[%emt 0:00:00]} 6. Be3 {[%emt 0:00:00]} Nf6 {[%emt 0:00:00]} 7. Bc4 {[%emt 0:00:00]} Qa5 {[%emt 0:00:00]} 8. O-O {[%emt 0:00:16]} O-O {[%emt 0:00:06]} 9. Qd2 {[%emt 0:00:18] B35: Sicilian: Accelerated Dragon with 5 Nc3: main line} (9. Nd5 Nxd5 10. exd5 Ne5 11. Nb3 Qc7 12. Be2 d6 13. Bd4 Nd7 14. Bxg7 Kxg7 15. c4 Nf6 16. Rc1 a5 17. Re1 {½-½ (24) Shirov,A (2673)-Mamedov,R (2688) Tallinn 2016}) 9... Ng4 {[%emt 0:00:14]} 10. Nxc6 {[%emt 0:00:43]} bxc6 {[%emt 0:01:29]} 11. Bd4 {[%emt 0:02:08]} Ne5 $146 {[%emt 0:08:33]} ({Predecessor:} 11... Qc7 12. f4 Bxd4+ 13. Qxd4 Qb6 14. Qxb6 axb6 15. Rfe1 Nf6 16. e5 Nh5 {1-0 (87) Grot,B (1163)-Klonov,J (1232) Kouty nad Desnou 2016}) 12. Bb3 {[%emt 0:04:06]} Ba6 {[%emt 0:01:42]} 13. Rfd1 {[%emt 0:02:47]} d6 {[%emt 0:01:16]} 14. f4 {[%emt 0:03:21]} Ng4 {[%emt 0:01:54]} 15. Bxg7 {[%emt 0:01:04]} Kxg7 {[%emt 0:00:04]} 16. Qd4+ {[%emt 0:00:51]} e5 {[%emt 0:00:53]} 17. Qd2 {[%emt 0:21:44]} Qb6+ {[%emt 0:00:52]} 18. Kh1 {[%emt 0:00:22]} Nf2+ $19 {[%emt 0:00:12]} 19. Kg1 {[%emt 0:00:02]} Nxd1+ {[%emt 0:00:38]} 20. Kh1 {[%emt 0:00:07]} Nf2+ {[%emt 0:00:08]} 21. Kg1 {[%emt 0:00:05]} Nxe4+ {[%emt 0:00:15]} 0-1

[Event "XVII Profigaia Open 2017"]
[Site "Gaia"]
[Date "2017.06.17"]
[Round "5"]
[White "Clemente, António Manuel"]
[Black "Silva, Pedro Gil Ferreira "]
[Result "0-1"]
[WhiteElo "1393"]
[BlackElo "1592"]
[Annotator "NA RC"]
[PlyCount "98"]
[EventDate "2017.??.??"]
[EventType "swiss"]
[EventCountry "POR"]
[SourceTitle "playchess.com"]
[Source "ChessBase"]
[SourceQuality "1"]
[TimeControl "5400+30"]

1. e4 {[%emt 0:00:00]} e5 {[%emt 0:00:57]} 2. Nf3 {[%emt 0:00:00]} Nc6 {[%emt 0:01:30]} 3. Bb5 {[%emt 0:00:45]} a6 {[%emt 0:01:20]} 4. Bxc6 {[%emt 0:01:39]} dxc6 {[%emt 0:00:47]} 5. O-O {[%emt 0:00:56]} f6 {[%emt 0:01:43]} 6. d4 {[%emt 0:00:45]} exd4 {[%emt 0:02:37]} 7. Qxd4 {[%emt 0:00:57]} Qxd4 {[%emt 0:00:27]} 8. Nxd4 {[%emt 0:00:15]} c5 {[%emt 0:01:10]} 9. Ne2 {[%emt 0:00:27]} Be6 {[%emt 0:00:35]} 10. Rd1 {[%emt 0:06:12]} Bd6 {[%emt 0:15:08]} 11. Nbc3 {[%emt 0:12:48]} O-O-O {[%emt 0:18:15]} 12. Bf4 {[%emt 0:07:48]} Be7 {[%emt 0:08:06]} 13. h3 {[%emt 0:04:47]} Rxd1+ {[%emt 0:07:42]} 14. Rxd1 {[%emt 0:01:03]} h5 {[%emt 0:04:16]} 15. b3 {[%emt 0:11:22]} g5 {[%emt 0:01:04]} 16. Bh2 {[%emt 0:00:58]} Nh6 {[%emt 0:01:32]} 17. f3 {[%emt 0:03:27]} c4 {[%emt 0:03:31]} 18. Nd5 {[%emt 0:01:32]} Bc5+ {[%emt 0:00:14]} 19. Kf1 {[%emt 0:01:40]} Rd8 {[%emt 0:00:40]} 20. Ndc3 {[%emt 0:00:21]} Rxd1+ {[%emt 0:00:42]} 21. Nxd1 {[%emt 0:00:21]} f5 {[%emt 0:04:19]} 22. Bg1 {[%emt 0:01:34]} Bxg1 {[%emt 0:00:58]} 23. Kxg1 {[%emt 0:00:06]} Kd7 {[%emt 0:00:39]} 24. Nd4 {[%emt 0:00:42]} c5 {[%emt 0:00:20]} 25. Nxe6 {[%emt 0:00:27]} Kxe6 {[%emt 0:00:06]} 26. exf5+ {[%emt 0:00:36]} Nxf5 {[%emt 0:00:06]} 27. Kf2 {[%emt 0:00:43]} cxb3 {[%emt 0:00:11]} 28. cxb3 {[%emt 0:02:49]} b5 {[%emt 0:01:43]} 29. Ne3 {[%emt 0:02:03]} Nxe3 {[%emt 0:01:46]} 30. Kxe3 {[%emt 0:00:19]} Ke5 {[%emt 0:00:26]} 31. g3 {[%emt 0:00:28]} h4 {[%emt 0:00:29]} 32. gxh4 {[%emt 0:07:14]} gxh4 {[%emt 0:00:24]} 33. a3 {[%emt 0:02:18]} a5 {[%emt 0:00:52]} 34. f4+ {[%emt 0:00:53]} Kf5 {[%emt 0:00:12]} 35. Kf3 {[%emt 0:01:04]} a4 {[%emt 0:00:24]} 36. bxa4 {[%emt 0:00:28]} bxa4 {[%emt 0:00:03]} 37. Ke3 {[%emt 0:01:18]} c4 {[%emt 0:00:08]} 38. Kd4 {[%emt 0:00:27]} Kxf4 {[%emt 0:00:06]} 39. Kxc4 Kg3 40. Kb4 {[%emt 0:01:01]} Kxh3 {[%emt 0:00:37]} 41. Kxa4 {[%emt 0:00:25]} Kg3 {[%emt 0:00:06]} 42. Kb5 {[%emt 0:00:22]} h3 {[%emt 0:00:10]} 43. a4 {[%emt 0:00:33]} h2 {[%emt 0:00:04]} 44. a5 {[%emt 0:00:14]} h1=Q {[%emt 0:00:07]} 45. a6 {[%emt 0:00:24]} Qa8 {[%emt 0:00:22]} 46. Kb6 {[%emt 0:00:16]} Kf4 {[%emt 0:00:09]} 47. a7 {[%emt 0:01:01]} Ke5 {[%emt 0:00:05]} 48. Ka6 {[%emt 0:00:36]} Qc6+ {[%emt 0:00:15]} 49. Ka5 {[%emt 0:00:44]} Qb7 {[%emt 0:00:05]} 0-1

[Event "XVII Profigaia Open 2017"]
[Site "Gaia"]
[Date "2017.06.17"]
[Round "5"]
[White "Marrios, Ruben"]
[Black "Silva, Joao Miguel Carvalh"]
[Result "1-0"]
[WhiteElo "1315"]
[BlackElo "1502"]
[Annotator "NA RC"]
[PlyCount "91"]
[EventDate "2017.??.??"]
[EventType "swiss"]
[EventCountry "POR"]
[SourceTitle "playchess.com"]
[Source "ChessBase"]
[SourceQuality "1"]
[TimeControl "5400+30"]

1. d4 {[%emt 0:00:00]} d5 {[%emt 0:00:59]} 2. c4 {[%emt 0:00:00]} Nf6 {[%emt 0:00:20]} 3. Nc3 {[%emt 0:00:16]} e6 {[%emt 0:00:44]} 4. e3 {[%emt 0:00:09]} Bb4 {[%emt 0:00:27]} 5. Bd3 {[%emt 0:00:38]} O-O {[%emt 0:00:30]} 6. Nge2 {[%emt 0:01:05]} b6 {[%emt 0:01:24]} 7. a3 {[%emt 0:00:09]} Bxc3+ {[%emt 0:00:09]} 8. Nxc3 {[%emt 0:00:23]} Bb7 {[%emt 0:00:53]} 9. O-O {[%emt 0:00:57]} c5 {[%emt 0:05:19]} 10. cxd5 {[%emt 0:00:49]} exd5 {[%emt 0:00:44]} 11. Ne2 {[%emt 0:00:52]} Ng4 {[%emt 0:01:55]} 12. Qc2 {[%emt 0:00:44]} Qh4 {[%emt 0:00:32]} 13. h3 {[%emt 0:00:39]} c4 {[%emt 0:01:23]} 14. Bxh7+ {[%emt 0:00:22]} Qxh7 {[%emt 0:00:24]} 15. Qxh7+ {[%emt 0:00:11]} Kxh7 {[%emt 0:00:13]} 16. hxg4 {[%emt 0:00:05]} Ba6 {[%emt 0:00:35]} 17. Nc3 {[%emt 0:00:33]} Rd8 {[%emt 0:01:01]} 18. Re1 {[%emt 0:00:17]} Bc8 {[%emt 0:00:31]} 19. f3 {[%emt 0:00:28]} Nc6 {[%emt 0:01:23]} 20. Bd2 {[%emt 0:00:40]} Ne7 {[%emt 0:00:29]} 21. Kf2 {[%emt 0:01:09]} Kg6 {[%emt 0:04:49]} 22. e4 {[%emt 0:02:05]} f6 {[%emt 0:02:07]} 23. e5 {[%emt 0:01:15]} Nc6 {[%emt 0:00:52]} 24. exf6 {[%emt 0:01:00]} Kxf6 {[%emt 0:00:34]} 25. Be3 {[%emt 0:00:18]} Rf8 {[%emt 0:01:44]} 26. Nxd5+ {[%emt 0:00:46]} Kg6 {[%emt 0:00:49]} 27. Kg3 {[%emt 0:01:20]} Be6 {[%emt 0:02:22]} 28. Nc7 {[%emt 0:00:36]} Bg8 {[%emt 0:02:19]} 29. Nxa8 {[%emt 0:00:15]} Rxa8 {[%emt 0:00:09]} 30. Rad1 {[%emt 0:00:41]} Ne7 {[%emt 0:01:14]} 31. f4 {[%emt 0:00:42]} Rf8 {[%emt 0:07:15]} 32. f5+ {[%emt 0:00:25]} Kf7 {[%emt 0:00:35]} 33. Bg5 {[%emt 0:00:25]} Nd5 {[%emt 0:01:11]} 34. Re5 {[%emt 0:00:17]} Nf6 {[%emt 0:00:27]} 35. d5 {[%emt 0:00:29]} Rd8 {[%emt 0:00:40]} 36. d6 {[%emt 0:00:20]} Bh7 {[%emt 0:01:39]} 37. Re7+ {[%emt 0:00:17]} Kg8 {[%emt 0:00:14]} 38. Bxf6 {[%emt 0:00:12]} gxf6 {[%emt 0:00:11]} 39. d7 {[%emt 0:00:07]} Kf8 {[%emt 0:01:34]} 40. Rxh7 {[%emt 0:00:12]} Kg8 {[%emt 0:00:21]} 41. Re7 {[%emt 0:00:20]} Kf8 {[%emt 0:00:10]} 42. Re8+ {[%emt 0:00:06]} Rxe8 {[%emt 0:00:25]} 43. dxe8=Q+ Kxe8 {[%emt 0:00:24]} 44. Kf4 {[%emt 0:00:23]} Kf7 {[%emt 0:00:14]} 45. g5 {[%emt 0:00:07]} fxg5+ {[%emt 0:00:04]} 46. Kxg5 {[%emt 0:00:08]} 1-0

[Event "XVII Profigaia Open 2017"]
[Site "Gaia"]
[Date "2017.06.17"]
[Round "5"]
[White "Triunfante, Armando"]
[Black "Sa, Luis Afonso"]
[Result "0-1"]
[WhiteElo "1231"]
[BlackElo "1537"]
[Annotator "NA RC"]
[PlyCount "74"]
[EventDate "2017.??.??"]
[EventType "swiss"]
[EventCountry "POR"]
[SourceTitle "playchess.com"]
[Source "ChessBase"]
[SourceQuality "1"]
[TimeControl "5400+30"]

1. e4 {[%emt 0:00:00]} c5 {[%emt 0:00:06]} 2. Bc4 {[%emt 0:00:00]} Nc6 {[%emt 0:00:08]} 3. Nf3 {[%emt 0:01:50]} g6 {[%emt 0:00:11]} 4. O-O {[%emt 0:01:11]} Bg7 {[%emt 0:00:07]} 5. c3 {[%emt 0:00:51]} d6 {[%emt 0:04:54]} 6. h3 {[%emt 0:00:37]} Nf6 {[%emt 0:00:15]} 7. Re1 {[%emt 0:00:47]} O-O {[%emt 0:00:22]} 8. d4 {[%emt 0:00:22]} cxd4 {[%emt 0:01:01]} 9. cxd4 {[%emt 0:00:40]} Nd7 {[%emt 0:05:39]} 10. Nc3 {[%emt 0:02:53]} Nb6 {[%emt 0:00:39]} 11. Bb3 {[%emt 0:01:59]} Bd7 {[%emt 0:00:20]} 12. Bg5 {[%emt 0:07:08]} Na5 {[%emt 0:03:16]} 13. Rc1 {[%emt 0:05:36]} Rc8 {[%emt 0:02:35]} 14. e5 {[%emt 0:07:40]} dxe5 {[%emt 0:03:56]} 15. Nxe5 {[%emt 0:01:06]} Nxb3 {[%emt 0:00:25]} 16. Nxd7 {[%emt 0:15:52]} Nxc1 {[%emt 0:05:56]} 17. Nxf8 {[%emt 0:02:12]} Bxf8 {[%emt 0:00:35]} 18. Bxc1 {[%emt 0:01:36]} e6 {[%emt 0:00:20]} 19. Be3 {[%emt 0:03:34]} Bg7 {[%emt 0:00:17]} 20. Qd2 {[%emt 0:04:35]} Nc4 {[%emt 0:00:29]} 21. Qc1 {[%emt 0:01:06]} Bxd4 {[%emt 0:03:41]} 22. Rd1 {[%emt 0:02:33]} e5 {[%emt 0:00:08]} 23. b3 {[%emt 0:01:26]} Nxe3 {[%emt 0:00:32]} 24. fxe3 {[%emt 0:02:24]} Rxc3 {[%emt 0:00:15]} 25. Qxc3 {[%emt 0:01:24]} Bxe3+ {[%emt 0:00:19]} 26. Kh2 {[%emt 0:02:38]} Qxd1 {[%emt 0:01:27]} 27. Qxe3 {[%emt 0:00:18]} Qd4 {[%emt 0:00:09]} 28. Qxd4 {[%emt 0:03:07]} exd4 {[%emt 0:00:08]} 29. Kg3 {[%emt 0:00:15]} Kg7 {[%emt 0:00:15]} 30. Kf3 {[%emt 0:00:06]} Kf6 {[%emt 0:00:14]} 31. Ke4 {[%emt 0:00:24]} d3 {[%emt 0:00:19]} 32. Kxd3 {[%emt 0:00:03]} Ke5 {[%emt 0:00:15]} 33. a4 {[%emt 0:01:35]} Kf4 {[%emt 0:00:56]} 34. Kc4 {[%emt 0:02:28]} Kg3 {[%emt 0:00:08]} 35. Kc5 {[%emt 0:01:01]} Kxg2 {[%emt 0:00:10]} 36. Kd6 {[%emt 0:00:04]} f5 {[%emt 0:00:21]} 37. Ke5 {[%emt 0:01:05]} Kg3 {[%emt 0:00:11]} 0-1

[Event "XVII Profigaia Open 2017"]
[Site "Gaia"]
[Date "2017.06.17"]
[Round "5"]
[White "Filipe, Guilherme Castro"]
[Black "Alves, Damiao Fernando"]
[Result "0-1"]
[WhiteElo "1145"]
[BlackElo "1368"]
[Annotator "NA RC"]
[PlyCount "62"]
[EventDate "2017.??.??"]
[EventType "swiss"]
[EventCountry "POR"]
[SourceTitle "playchess.com"]
[Source "ChessBase"]
[SourceQuality "1"]
[TimeControl "5400+30"]

1. e4 {[%emt 0:00:00]} e5 {[%emt 0:00:11]} 2. Nf3 {[%emt 0:00:00]} Nc6 {[%emt 0:00:05]} 3. Bb5 {[%emt 0:00:00]} a6 {[%emt 0:01:08]} 4. Ba4 {[%emt 0:00:38]} Nf6 {[%emt 0:00:04]} 5. O-O {[%emt 0:00:11]} Be7 {[%emt 0:00:26]} 6. Re1 {[%emt 0:00:10]} b5 {[%emt 0:00:46]} 7. Bb3 O-O 8. h3 {[%emt 0:01:41]} d6 {[%emt 0:00:53]} 9. c3 {[%emt 0:00:08]} Re8 {[%emt 0:01:26]} 10. d4 {[%emt 0:00:19]} h6 {[%emt 0:04:31]} 11. Nbd2 {[%emt 0:01:29]} exd4 {[%emt 0:01:19]} 12. cxd4 {[%emt 0:00:17]} Na5 {[%emt 0:01:32]} 13. Bc2 {[%emt 0:00:17]} c5 {[%emt 0:00:22]} 14. Nf1 {[%emt 0:00:32]} Bf8 {[%emt 0:02:37]} 15. Ng3 {[%emt 0:00:32]} g6 {[%emt 0:00:35]} 16. Qd3 {[%emt 0:06:19]} c4 {[%emt 0:09:04]} 17. Qd2 Nc6 18. d5 {[%emt 0:05:59]} Ne5 {[%emt 0:01:13]} 19. Qc3 {[%emt 0:01:40]} Bg7 {[%emt 0:01:32]} 20. Bf4 {[%emt 0:00:25]} Nfd7 {[%emt 0:01:53]} 21. Qd2 {[%emt 0:00:58]} Kh7 {[%emt 0:04:28]} 22. Nd4 {[%emt 0:04:01]} Bb7 {[%emt 0:06:20]} 23. Qb4 {[%emt 0:10:39]} Nc5 {[%emt 0:03:05]} 24. Rad1 {[%emt 0:01:16]} Ncd3 {[%emt 0:06:47]} 25. Bxd3 {[%emt 0:00:51]} Nxd3 {[%emt 0:00:09]} 26. Rxd3 {[%emt 0:00:22]} cxd3 {[%emt 0:01:04]} 27. Bxd6 {[%emt 0:00:12]} Bxd4 {[%emt 0:03:07]} 28. Qxd4 {[%emt 0:00:06]} Qxd6 {[%emt 0:00:22]} 29. a3 {[%emt 0:00:16]} Bxd5 {[%emt 0:02:24]} 30. Qxd5 {[%emt 0:00:14]} Qxd5 {[%emt 0:00:11]} 31. exd5 {[%emt 0:00:07]} Rxe1+ {[%emt 0:00:10]} 0-1

[Event "XVII Profigaia Open 2017"]
[Site "Gaia"]
[Date "2017.06.17"]
[Round "5"]
[White "Oliveira, Maria Elisa Ramos M"]
[Black "Pedroso, Manuel"]
[Result "1-0"]
[WhiteElo "1137"]
[BlackElo "1285"]
[Annotator "NA RC"]
[PlyCount "69"]
[EventDate "2017.??.??"]
[EventType "swiss"]
[EventCountry "POR"]
[SourceTitle "playchess.com"]
[Source "ChessBase"]
[SourceQuality "1"]
[TimeControl "5400+30"]

1. e4 c6 {[%emt 0:01:15]} 2. d4 {[%emt 0:00:00]} d5 {[%emt 0:00:07]} 3. exd5 {[%emt 0:00:33]} cxd5 {[%emt 0:00:11]} 4. Nc3 {[%emt 0:00:31]} g6 {[%emt 0:04:55]} 5. Be3 {[%emt 0:02:16]} Bg7 {[%emt 0:00:58]} 6. Nf3 {[%emt 0:01:15]} Bg4 {[%emt 0:02:56]} 7. Be2 {[%emt 0:01:39]} Nh6 {[%emt 0:02:37]} 8. h3 {[%emt 0:03:21]} Bxf3 {[%emt 0:01:33]} 9. Bxf3 {[%emt 0:00:12]} e6 {[%emt 0:00:47]} 10. g4 {[%emt 0:02:18]} f6 {[%emt 0:00:46]} 11. Qd2 {[%emt 0:02:23]} Nf7 {[%emt 0:00:15]} 12. Qd3 {[%emt 0:02:03]} O-O {[%emt 0:01:02]} 13. Ne2 {[%emt 0:01:46]} e5 {[%emt 0:06:05]} 14. Bg2 {[%emt 0:03:05]} e4 {[%emt 0:02:11]} 15. Qd2 {[%emt 0:00:51]} Qb6 {[%emt 0:04:32]} 16. c3 {[%emt 0:00:36]} Nc6 {[%emt 0:01:04]} 17. Nf4 {[%emt 0:01:04]} Rfe8 {[%emt 0:03:19]} 18. O-O {[%emt 0:01:17]} Rad8 {[%emt 0:02:28]} 19. Kh1 {[%emt 0:02:07]} Na5 {[%emt 0:08:11]} 20. b3 {[%emt 0:00:58]} Qb5 {[%emt 0:14:01]} 21. Rfe1 {[%emt 0:04:34]} Qd7 {[%emt 0:00:38]} 22. c4 {[%emt 0:01:05]} b6 {[%emt 0:07:15]} 23. cxd5 {[%emt 0:00:45]} g5 {[%emt 0:01:11]} 24. Ne6 {[%emt 0:00:38]} Rc8 {[%emt 0:00:45]} 25. Nxg7 {[%emt 0:00:17]} Kxg7 {[%emt 0:00:10]} 26. f3 {[%emt 0:01:00]} exf3 {[%emt 0:05:10]} 27. Bxf3 {[%emt 0:00:10]} Nb7 {[%emt 0:02:27]} 28. Rac1 {[%emt 0:01:40]} Rcd8 {[%emt 0:04:48]} 29. Bf2 {[%emt 0:00:48]} h5 {[%emt 0:00:41]} 30. Rxe8 {[%emt 0:00:33]} Rxe8 {[%emt 0:00:15]} 31. Bg3 {[%emt 0:00:55]} hxg4 {[%emt 0:02:28]} 32. hxg4 {[%emt 0:00:19]} Rh8+ {[%emt 0:00:34]} 33. Kg2 {[%emt 0:00:08]} Nbd6 {[%emt 0:04:11]} 34. Bxd6 {[%emt 0:00:50]} Qxd6 {[%emt 0:00:32]} 35. Rh1 1-0

[Event "XVII Profigaia Open 2017"]
[Site "Gaia"]
[Date "2017.06.17"]
[Round "6"]
[White "Petkov, Vladimir"]
[Black "Silva, Luis Neves Da"]
[Result "1-0"]
[WhiteElo "2484"]
[BlackElo "2317"]
[Annotator "TA"]
[PlyCount "115"]
[EventDate "2017.??.??"]
[EventType "swiss"]
[EventCountry "POR"]
[SourceTitle "playchess.com"]
[Source "ChessBase"]
[SourceQuality "1"]

{[%evp 25,115,-6,-5,-6,0,0,0,0,0,0,0,0,21,28,24,23,27,20,18,21,89,89,89,85,79,41,41,29,14,18,20,18,18,0,3,3,4,4,8,4,4,4,387,387,376,37,58,8,8,8,8,8,8,8,29945,29941,29949,29950,5427,8,8,9,177,24,26,0,8520,6095,29966,29967,29974,29975,29975,29974,29978,29979,29979,29980,29980,29981,29981,29982,29982,29983,29983,29984,29984,29982,29990,29991,29991,29992]} 1. d4 Nf6 2. c4 g6 3. g3 c6 4. Bg2 d5 5. Nf3 Bg7 6. cxd5 cxd5 7. Ne5 Ne4 8. Nd2 Nd7 9. Nxe4 dxe4 10. Nxd7 Qxd7 11. Be3 Qd5 12. O-O O-O 13. f3 Bf5 14. Qb3 {D79: Fianchetto Grünfeld: Symmetrical Variation (6 0-0 c6 7 cxd5 cxd5)} (14. Qd2 Rfd8 15. g4 exf3 16. exf3 Be6 17. Rfd1 Rd6 18. f4 Qb5 19. h3 Bd5 20. b3 Bxg2 21. Qxg2 Rad8 {0-1 (35) Flear,C (2230)-Amura,C (2350) Elista 1998}) 14... e6 15. Qxd5 exd5 16. Rac1 $146 {The position is equal.} ({Predecessor:} 16. fxe4 Bxe4 17. Bxe4 dxe4 18. Rfd1 Rfd8 19. Rd2 Rac8 20. Rad1 Rd5 21. Kg2 a5 {0-1 (66) Rabar,B-Cortlever,N Belgrade 1949}) 16... Rfe8 17. Kf2 Rac8 18. fxe4 Bxe4 (18... dxe4 {feels hotter.} 19. Rfd1 b6 20. b3 Kf8 21. d5 Bc3) 19. Bxe4 dxe4 20. d5 Bxb2 21. Rxc8 Rxc8 $11 {[%mdl 4096] Endgame KRB-KRB} 22. Rb1 Be5 (22... Rc2 $11) 23. Rxb7 $16 (23. Bxa7 $6 Ra8 $11) 23... Rd8 24. Rxa7 Rxd5 25. Ra4 f5 26. Ra7 Bc3 27. a4 Ra5 28. Rxa5 Bxa5 $11 {KB-KB} 29. Bc5 Kf7 30. Ke3 Ke6 31. Kd4 g5 32. Kc4 {Threatens to win with Be3.} f4 33. g4 f3 $2 {[%mdl 8192]} (33... Kd7 $11) 34. exf3 $18 exf3 35. Kd3 $2 (35. h3 $18 Be1 36. Kd3) 35... h5 $1 $14 {[%cal Rh5g4]} ({Much weaker is} 35... Be1 36. Ke3 $16) 36. h3 hxg4 37. hxg4 Ke5 $1 $132 {[%cal Re5f4][%mdl 2048] Strongly threatening ...Kf4. Black is fighting back} ({Of course not} 37... Be1 $6 38. Ke3 $16) 38. Be3 Bd8 39. Bd2 {Black must now prevent Ke3.} f2 $2 {[%mdl 8192]} (39... Bb6 $11) 40. Ke2 Bb6 41. Bxg5 Ke4 42. Bd2 $2 ({Only move:} 42. Bh4 $18 Ba5 43. Kxf2 (43. Bxf2 Kf4 $16)) 42... Ke5 $1 $11 43. Bh6 {aiming for Bg5.} Ke4 $2 (43... Kf6 $1 $11 {and Black has nothing to worry.}) 44. Bc1 $2 (44. Kf1 $1 $18) 44... Ke5 $1 45. Bg5 $2 {[%mdl 8192]} (45. Bd2 $11) 45... Ke4 $18 46. Bh4 Kf4 {[#]} 47. g5 $1 {[%cal Bg4g5,Bg5g6][%mdl 32] White mates.} Kf5 48. Bxf2 Bd8 49. Be3 Ke6 {[#]} 50. g6 $1 Bf6 51. a5 {[%cal Ba4a5,Ba5a6][%mdl 32]} Kd5 52. a6 Kc6 53. Kd3 Bg7 54. Bd4 Bh6 55. Ke4 Kc7 56. Ba7 Kc8 57. Be3 Bg7 58. Bf4 {Precision: White = 60%, Black = 49%.} 1-0